| 000 | 00710nam a2200229 a 4500 | ||
|---|---|---|---|
| 005 | 20210223132425.0 | ||
| 008 | 140821s2010 mx r 000 0 spa d | ||
| 020 | _a9786074696325 (SEP) | ||
| 020 | _a9786079133009 (Sistemas Educativos Kambes) | ||
| 035 | _aUPN01000199000 | ||
| 049 | _aI | ||
| 050 | 4 |
_aQC225.5 _bR6.4a |
|
| 100 | 1 |
_aRodríguez, Alicia _935839 |
|
| 245 | 0 | 0 |
_aImagen y sonido / _cAlicia Rodríguez. |
| 260 |
_aMéxico : _bSEP : _bSistemas Educativos Kambes, _c2010. |
||
| 300 |
_a48 p. : _bil. col. |
||
| 440 | 0 |
_aLibro del rincón. _pEspejo de urania |
|
| 650 | 4 |
_aSONIDO - _vLITERATURA INFANTIL _911047 |
|
| 650 | 4 |
_aIMAGENES OPTICAS _923231 |
|
| 905 | _aInfantil | ||
| 999 |
_c171101 _d171101 |
||